T.I. Discography - Statistics

General Stats
  • This quiz has been taken 2 times
  • The average score is 17 of 28
Answer Stats
Year Name Type % Correct
2001 I'm Serious Album
100%
2006 King Album
100%
2010 No Mercy Album
100%
2008 Paper Trail Album
100%
2009 Paper Trail: Case Closed EP
100%
2014 Paperwork Album
100%
2007 T.I. vs. T.I.P. Album
100%
2004 Urban Legend Album
100%
2008 A King of Oneself EP
50%
2009 A Year and a Day Mixtape
50%
2015 Da' Nic EP
50%
2012 F... da City Up Mixtape
50%
2010 Gangsta Grillz: F... A Mixtape Mixtape
50%
2003 Gangsta Grillz Meets T.I. & P$C in da Streets Mixtape (Group)
50%
2013 G.D.O.D. (Get Dough or Die) Compilation Mixtape
50%
2014 G.D.O.D. II Compilation Mixtape
50%
2016 #HGOE (Hustle Gang Over Errrrythang) Compilation Mixtape
50%
2002 In da Streets Mixtape (Group)
50%
2003 In da Streets Part 2 Mixtape (Group)
50%
2003 In da Streets Pt. 3 Mixtape (Group)
50%
2003 Trap Muzik Album
50%
2012 Trouble Man: Heavy Is the Head Album
50%
2004 Urban Legend: Chopped & Screwed Remix Album (Collab)
50%
2016 Us or Else EP
50%
2016 Us or Else: Letter to the System EP
50%
2004 Gangsta Grillz: Down with da King Mixtape
0%
2006 Gangsta Grillz: The Leak Mixtape
0%
2009 Live From Forest Correctional Facility Mixtape
0%
No matching quizzes found
Score Distribution
Percent of People with Each Score
Percentile by Number Answered
Your Score History
You have not taken this quiz